00479cam a22001457a 4500008004000000020001500040082001000055100002300065245009400088260003700182300001000219440003100229650004200260650003100302180718b1999 xxu||||| |||| 00| 0 eng d a0198298250 aB T15 aTamanaha, Brian Z. aRealistic socio-legal theory: pragmatism and a social theory of lawcby Brian Z. Tamanaha aOxfordbOxford Univ. Pressc1999 a276p. aOxford socio-legal studies aSocial sciences - Law and legislation aSociological jurisprudence